| 000 | 00431 a2200133 4500 | ||
|---|---|---|---|
| 999 |
_c322948 _d322948 |
||
| 001 | 87875 | ||
| 003 | NUST | ||
| 082 | _a327.73054 RIE | ||
| 100 |
_aRiedel Brouce _99722 |
||
| 245 |
_aAvoiding Armageddon ; America, India, and Pakistan to the brink and back _hEnglish |
||
| 260 |
_aIndia _bHarper Collins _c2013 |
||
| 300 | _axvi, 230 p. | ||
| 740 | _aBush Musharraf and Sonia; From crisis to crisis- Bush and Clinton | ||
| 942 |
_aCAE NUST _cBK _k327.73054 RIE _2ddc |
||